Copia de una carta, que el rey (que Dios guarde) escivio de su propia mano; y que el principe de Cellamere, su embaxador en Paris, tenia orden presentar al rey christianismo. Traducida aora del idioma francés en español

Detalles Bibliográficos
Formato: Libro
Lenguaje:Spanish
Publicado: reimpressa en Mexico : en la imprenta del Superior Govierno, por Francisco de Rivera Calderón, 1719.
Materias:
Colección:Banco de datos
Acervo:Biblioteca Palafoxiana. Colección de Pliegos Sueltos
Descripción Física:[4] h. ; 4°
Tema general:Historia civil
Notas:Texto incompleto (I01615-A). Daños de humedad
LEADER 01031nam a22001810004500
035 |a 1459 
041 0 |a spa 
082 0 4 |a FR/PAFX/IMPS/C055/01615 
245 1 0 |a Copia de una carta, que el rey (que Dios guarde) escivio de su propia mano; y que el principe de Cellamere, su embaxador en Paris, tenia orden presentar al rey christianismo. Traducida aora del idioma francés en español 
260 |a reimpressa en Mexico : en la imprenta del Superior Govierno, por Francisco de Rivera Calderón, 1719. 
300 |a [4] h. ; 4° 
500 |a Texto incompleto (I01615-A). Daños de humedad 
505 0 0 |a Manifiesto de su Magestad Catholica, dirigido a los tres estados de la Francia. Traducido aora del idioma francés en español.-- Suplica, presentada al rey (que Dios guarde) en nombre de los tres estados de la Francia. Traducida aora del idioma francés en español  
650 1 0 |a Historia civil 
949 |a I01615, I01615-A 
942 |c PALAPLIE 
943 |g Biblioteca Palafoxiana. Colección de Pliegos Sueltos 
999 |c 1074749  |d 1074749